[Event "World Blitz 2024"]
[Site "New York USA"]
[Date "2024.12.30"]
[Round "9.17"]
[White "Nakamura,Hi"]
[Black "Tang,Andrew"]
[Result "1-0"]
[WhiteElo "2802"]
[BlackElo "2527"]

1.e4 e5 2.Nf3 Nc6 3.Bc4 Nf6 4.d3 h6 5.Nc3 d6 6.a4 g6 7.a5 a6 8.h3 Bg7 9.Be3 O-O
10.O-O Kh7 11.d4 Nxe4 12.Nxe4 d5 13.Nxe5 Nxe5 14.dxe5 dxc4 15.Qf3 Bxe5 16.Bc5 Bf5
17.Bxf8 Qxf8 18.c3 Kg7 19.Rfe1 Re8 20.Ng3 Bc8 21.Qd5 c6 22.Qxc4 Qd6 23.Rad1 Qf8
24.Re3 Be6 25.Qe2 Bc7 26.b4 Qe7 27.Ne4 Bf4 28.Rf3 Bb8 29.Nc5 Qc7 30.g3 Bd7
31.Qc4 Bxh3 32.Rd7  1-0

[Event "World Blitz 2024"]
[Site "New York USA"]
[Date "2024.12.30"]
[Round "10.10"]
[White "Lazavik,Denis"]
[Black "Nakamura,Hi"]
[Result "1/2-1/2"]
[WhiteElo "2578"]
[BlackElo "2802"]

1.d4 d5 2.c4 e6 3.Nc3 a6 4.cxd5 exd5 5.Qb3 Nf6 6.Bg5 c6 7.e4 Be7 8.e5 Ng8
9.Be3 Nd7 10.Nf3 Nh6 11.Bd3 Nf8 12.Qc2 Be6 13.h3 Rc8 14.O-O-O Bd7 15.Kb1 Ne6
16.g4 b5 17.Rhg1 Ng8 18.g5 g6 19.h4 Bb4 20.Nh2 Ng7 21.f3 Nf5 22.Bf2 h5 23.gxh6 Ngxh6
24.Ng4 Nxg4 25.fxg4 Nxh4 26.Rh1 Bxg4 27.Rdg1 Be6 28.Ne2 Be7 29.Nf4 Kd7 30.Bxh4 Rxh4
31.Rxh4 Bxh4 32.Bxg6 Qe7 33.Bf5 Bg5 34.Bxe6+ fxe6 35.Nxe6 Kxe6 36.Qg6+ Kd7
37.Rxg5 Rf8 38.Rf5 Rxf5 39.Qxf5+ Kc7 40.a3 b4 41.axb4 Qxb4 42.Qf7+ Kb6 43.e6  1/2-1/2

[Event "World Blitz 2024"]
[Site "New York USA"]
[Date "2024.12.30"]
[Round "11.10"]
[White "Nakamura,Hi"]
[Black "Le Tuan Minh"]
[Result "0-1"]
[WhiteElo "2802"]
[BlackElo "2598"]

1.e4 e5 2.Nf3 Nc6 3.Bc4 Bc5 4.d3 Nf6 5.Nc3 d6 6.Na4 Bb6 7.c3 h6 8.Bb3 O-O
9.O-O Re8 10.h3 Ne7 11.Re1 Ng6 12.Nxb6 axb6 13.Bc2 Be6 14.d4 c6 15.b3 Qc7
16.c4 c5 17.d5 Bd7 18.Bd3 Qd8 19.Kh2 Nh7 20.Ng1 Rf8 21.Ne2 f5 22.exf5 Bxf5
23.Bxf5 Rxf5 24.f3 Qd7 25.Ng3 Rf7 26.Qc2 Ne7 27.Rb1 Nf5 28.Nxf5 Rxf5 29.b4 Rf7
30.a3 Nf8 31.Re4 Qf5 32.Rb3 Nd7 33.Qd1 Nf6 34.Re1 Rc8 35.bxc5 bxc5 36.Qe2 Re8
37.Re3 Rfe7 38.Bb2 Nh5 39.Re4 Nf6 40.Re3 Nh5 41.Qf2 Qf4+ 42.Kg1 Qxc4 43.Rd1 Qf4
44.Re4 Qg3 45.Qf1 Nf6 46.Re3 Rf7 47.Bc3 Nh5 48.Be1 Qg6 49.Kh2 Ref8 50.Qe2 Rf4
51.Qb2 Rd4 52.Rb1 Rf7 53.Bc3 Rd3 54.Rxd3 Qxd3 55.Be1 Qxd5 56.Qb6 Nf4 57.Bg3 Ne2
58.Bf2 e4 59.Qb3 c4 60.Qb5 Qxb5 61.Rxb5 c3 62.Rb4 exf3 63.Rc4 d5 64.Rc8+ Rf8
65.Rc7 d4 66.gxf3 d3 67.Be3 Re8  0-1

[Event "World Blitz 2024"]
[Site "New York USA"]
[Date "2024.12.30"]
[Round "12.20"]
[White "Andriasian,Z"]
[Black "Nakamura,Hi"]
[Result "0-1"]
[WhiteElo "2554"]
[BlackElo "2802"]

1.e4 c5 2.Nf3 e6 3.d3 d5 4.Nbd2 Nc6 5.g3 g6 6.Bg2 Bg7 7.h4 h6 8.O-O Nge7
9.Re1 b6 10.Qe2 Bb7 11.c3 Ba6 12.e5 g5 13.hxg5 hxg5 14.Nxg5 Nxe5 15.c4 dxc4
16.Nxc4 N7g6 17.Bf4 Bxc4 18.dxc4 Rc8 19.Rad1 Qe7 20.Ne4 O-O 21.Qh5 Rfd8 22.Bg5 f6
23.Be3 Nf8 24.b3 Rxd1 25.Rxd1 Rd8 26.f4 Nf7 27.Qe2 f5 28.Nf2 Rxd1+ 29.Qxd1 Nd7
30.Bf3 Nf6 31.Kg2 Nd6 32.Qd3 Nf7 33.Qe2 Qd6 34.Qd3 Qc7 35.Bd2 Ne8 36.Qe2 Qd7
37.g4 Ned6 38.g5 Nh8 39.Bh5 Nc8 40.Be3 Ne7 41.Qd1 Qc6+ 42.Bf3 Qc7 43.Bh5 Nhg6
44.Nh3 Qc6+ 45.Kg3 e5 46.Bf3 Qc7 47.Bd5+ Kf8 48.Qh5 exf4+ 49.Nxf4 Be5 50.Qf3 Nxd5
51.cxd5 Qd6 52.a4 Kg7 53.Qf1 Qxd5 54.Qh3 Bxf4+ 55.Bxf4 Qxb3+  0-1

[Event "World Blitz 2024"]
[Site "New York USA"]
[Date "2024.12.30"]
[Round "13.13"]
[White "Nakamura,Hi"]
[Black "Bluebaum,M"]
[Result "1-0"]
[WhiteElo "2802"]
[BlackElo "2650"]

1.e4 e6 2.d3 d5 3.Qe2 Nc6 4.Nf3 e5 5.exd5 Qxd5 6.Nc3 Qa5 7.Bd2 Bg4 8.Qe4 f5
9.Qc4 Qc5 10.Qe6+ Qe7 11.Qb3 O-O-O 12.O-O-O Nf6 13.Re1 Bxf3 14.gxf3 Nd4 15.Qa4 Nxf3
16.Qxa7 Nxe1 17.Bh3 g6 18.Rxe1 Qc5 19.Qa8+ Kd7 20.Qxb7 Bd6 21.Qb3 Rhf8 22.Bh6 Qxf2
23.Bd2 Qb6 24.Qa4+ Qc6 25.Qh4 Kc8 26.a4 Qb6 27.Nb5 Kb8 28.Qc4 e4 29.Bg2 Rfe8
30.Be3 Qb7 31.Nd4 Ka8 32.Nc6 Rd7 33.Bg5 Ng4 34.dxe4 Ne5 35.Nxe5 Rxe5 36.Re2 f4
37.Bxf4 Rc5 38.Qg8+ Ka7 39.Be3 Qb6 40.e5 c6 41.exd6 Qb4 42.Bxc5+ Qxc5 43.Kb1 Qxd6
44.Qe6 Qd4 45.Qxc6 Rf7 46.Qa8+ Kb6 47.Re6+ Kc5 48.Qc6+ Kb4 49.c3+ Kb3 50.Qb5+ Qb4
51.Bd5+  1-0

[Event "Titled Tue 31st Dec Early"]
[Site "chess.com INT"]
[Date "2024.12.31"]
[Round "1"]
[White "Nakamura,Hi"]
[Black "Pribelszky,Bence"]
[Result "1-0"]
[WhiteElo "2802"]
[BlackElo "2392"]

1.b3 Nf6 2.Bb2 e6 3.e3 Be7 4.d4 O-O 5.Nf3 c5 6.Bd3 d5 7.dxc5 Bxc5 8.Nbd2 Nc6
9.a3 Qe7 10.O-O a6 11.b4 Ba7 12.c4 dxc4 13.Nxc4 Rd8 14.Qc2 h6 15.Rfd1 Bd7
16.Nd6 Be8 17.Nxe8 Rxe8 18.Rac1 Rac8 19.Qe2 e5 20.Bc4 e4 21.Nh4 Ne5 22.Nf5 Qf8
23.Nd6 Nxc4 24.Nxe8 Rxe8 25.Rxc4 Qe7 26.Bxf6 Qxf6 27.Rc7 Bb8 28.Rxb7 Qh4
29.g3 Qh3 30.Qc4 Rf8 31.Rdd7 Be5 32.Rxf7 Kh7 33.Rxf8 Qg4 34.Qg8+  1-0

[Event "Titled Tue 31st Dec Early"]
[Site "chess.com INT"]
[Date "2024.12.31"]
[Round "2"]
[White "Lebedev,Artem S."]
[Black "Nakamura,Hi"]
[Result "0-1"]
[WhiteElo "2125"]
[BlackElo "2802"]

1.e4 g6 2.d4 Bg7 3.Nc3 a6 4.a4 d6 5.g3 b6 6.Bg2 Bb7 7.Nge2 Nd7 8.O-O e6 9.Be3 Ne7
10.f4 f5 11.d5 exd5 12.exd5 Nf6 13.Nd4 Ng4 14.Ne6 Nxe3 15.Qe2 Qd7 16.Nxg7+ Kf7
17.Qxe3 Kxg7 18.Rfe1 Rhe8 19.Qd4+ Kg8 20.Re3 Rf8 21.Rae1 Rf7 22.b4 Raf8 23.h4 Qd8
24.Qd2 Kh8 25.Qd4+ Kg8 26.Qd2 Rg7 27.Re6 Bc8 28.R6e3 h6 29.Qe2 Rff7 30.a5 b5
31.Kf2 Kh7 32.Bf3 Bd7 33.Qd2 Ng8 34.Ne2 Nf6 35.Nd4 Re7 36.Rxe7 Rxe7 37.Rxe7+ Qxe7
38.Qe3 Qf7 39.Ne6 Bxe6 40.dxe6 Qe7 41.Qa7 g5 42.hxg5 hxg5 43.fxg5 Ne4+ 44.Bxe4 fxe4
45.Qxa6 Qxg5 46.Qc6 Qf5+ 47.Ke2 Qf3+ 48.Ke1 Qxg3+ 49.Kd1 Qg1+ 50.Kd2 Qd4+
51.Kc1 e3 52.e7 Qa1+  0-1

[Event "Titled Tue 31st Dec Early"]
[Site "chess.com INT"]
[Date "2024.12.31"]
[Round "3"]
[White "Nakamura,Hi"]
[Black "Budisavljevic,Luka"]
[Result "1-0"]
[WhiteElo "2802"]
[BlackElo "2501"]

1.b3 d5 2.Bb2 c5 3.e3 a6 4.Nf3 Nc6 5.c4 d4 6.exd4 cxd4 7.Bd3 Nf6 8.O-O e6
9.Na3 Bc5 10.Nc2 O-O 11.Re1 Re8 12.a3 a5 13.Ne5 Nxe5 14.Rxe5 Bd6 15.Qe2 Bxe5
16.Qxe5 b6 17.Nxd4 Bb7 18.Bc2 h6 19.Re1 Rc8 20.Qe2 Qd6 21.Nb5 Qf4 22.Be5 Qg5
23.f4 Qg4 24.Nd6 Bc6 25.Nxe8 Rxe8 26.Qxg4 Nxg4 27.Bc7 b5 28.cxb5 Bxb5 29.Bxa5 Rc8
30.Bc3 Nf6 31.a4 Ba6 32.b4 Nd5 33.b5 Bb7 34.Be4 Rc7 35.a5 Nxf4 36.Bxb7 Rxb7
37.b6 Nd5 38.Bd4 Nb4 39.Rc1  1-0

[Event "Titled Tue 31st Dec Early"]
[Site "chess.com INT"]
[Date "2024.12.31"]
[Round "4"]
[White "Nguyen,Quoc Hy"]
[Black "Nakamura,Hi"]
[Result "0-1"]
[WhiteElo "2373"]
[BlackElo "2802"]

1.d4 g6 2.Nf3 Bg7 3.e4 d6 4.Bc4 Nf6 5.Nc3 Kd7 6.O-O Ke8 7.h3 e6 8.e5 dxe5
9.Nxe5 Nfd7 10.Nf3 Nb6 11.Bb3 h6 12.d5 Na6 13.dxe6 Bxe6 14.Bxe6 Qxd1 15.Bxf7+ Kxf7
16.Nxd1 Nb4 17.Ne3 Rad8 18.a3 N4d5 19.c3 Rhe8 20.Nxd5 Rxd5 21.Bf4 Nc4 22.Rab1 c6
23.a4 g5 24.Bg3 Re2 25.b3 Nd2 26.Nxd2 Rdxd2 27.c4 Bd4 28.Rbe1 Rxe1 29.Rxe1 Rd3
30.Be5 Bxe5 31.Rxe5 Rxb3 32.a5 Rb4 33.Rc5 Ke6 34.h4 Kd6 35.Rf5 gxh4 36.Rf4 Kc5
37.Rxh4 Rxc4 38.Rxh6 b5 39.Rh7 b4 40.Rb7 Rd4 41.a6 Kc4 42.Rxa7 Rd1+ 43.Kh2 Ra1
44.g4 b3 45.Rb7 Rxa6 46.g5 Ra5 47.f4 Rf5 48.Kg3 Rb5 49.Rxb5 Kxb5 50.g6 b2
51.g7 b1=Q  0-1

[Event "Titled Tue 31st Dec Early"]
[Site "chess.com INT"]
[Date "2024.12.31"]
[Round "5"]
[White "Nakamura,Hi"]
[Black "Zakhartsov,Vl"]
[Result "1-0"]
[WhiteElo "2802"]
[BlackElo "2481"]

1.b3 d5 2.Bb2 Bg4 3.d3 Nc6 4.Nd2 e5 5.Ngf3 Bd6 6.e4 Nf6 7.Be2 O-O 8.O-O Re8
9.h3 Bh5 10.Nh4 Bxe2 11.Qxe2 Nxe4 12.dxe4 Qxh4 13.exd5 Nd4 14.Qd3 g6 15.Ne4 Bf8
16.f4 f5 17.Ng5 Bc5 18.Kh1 exf4 19.Bxd4 Bxd4 20.Nf3 Qg3 21.Qxd4 Re2 22.Rg1 Rae8
23.Qc4 R8e4 24.Qxc7 Rxg2 25.Qc8+ Kg7 26.Qc3+ Kh6 27.Rxg2  1-0

[Event "Titled Tue 31st Dec Early"]
[Site "chess.com INT"]
[Date "2024.12.31"]
[Round "6"]
[White "Sheehan,Ethan"]
[Black "Nakamura,Hi"]
[Result "1/2-1/2"]
[WhiteElo "2331"]
[BlackElo "2802"]

1.d4 g6 2.c4 Bg7 3.e4 d6 4.Nf3 Bg4 5.Be2 Nd7 6.Nc3 c5 7.Be3 Bxf3 8.Bxf3 cxd4
9.Bxd4 Bxd4 10.Qxd4 Ngf6 11.O-O Qb6 12.Qxb6 axb6 13.Rfe1 e5 14.Rad1 Ke7 15.Rd2 Nc5
16.Red1 Rhd8 17.b3 Ne6 18.Nb5 Ne8 19.Bg4 N6c7 20.Nc3 h5 21.Bh3 Nf6 22.f3 Nh7
23.a4 Ng5 24.Nd5+ Nxd5 25.Rxd5 Ra5 26.Rxa5 bxa5 27.Rd5 b6 28.Kf2 Rb8 29.Ke3 Nh7
30.g3 Nf6 31.Rd3 Ne8 32.Bf1 h4 33.Rd2 Nc7 34.g4 Ne6 35.Bd3 Nd4 36.Bc2 Nc6
37.Bd1 Rf8 38.Bc2 Nd4 39.f4 f6 40.Rxd4 exd4+ 41.Kxd4 h3 42.Bd1 f5 43.exf5 gxf5
44.g5 Rh8 45.Ke3 Kf7 46.Kf3 Re8 47.Be2 Kg6 48.Kf2 Re4 49.Kf3 Re7 50.Kf2 Re8
51.Bf3 Rh8 52.Be2 Rh7 53.Bf3 Rg7 54.Bd5 Re7 55.Bf3 Re8 56.Bd5 Rf8 57.Bf3 Rc8
58.Bd5 Rc7 59.Bf3 Re7 60.Bd5 Kh5 61.Bf3+ Kh4 62.Be2 Re4 63.Bf3 Re7 64.Be2 Re8
65.Bf3 Rf8 66.Be2 Rf7 67.Bf3 Re7  1/2-1/2

[Event "Titled Tue 31st Dec Early"]
[Site "chess.com INT"]
[Date "2024.12.31"]
[Round "7"]
[White "Nakamura,Hi"]
[Black "Yoo,Christopher Woojin"]
[Result "1-0"]
[WhiteElo "2802"]
[BlackElo "2588"]

1.b3 e5 2.Bb2 Nc6 3.e3 g6 4.d4 exd4 5.Nf3 Bb4+ 6.c3 dxc3 7.Nxc3 Nf6 8.a3 Bxc3+
9.Bxc3 O-O 10.b4 Ne4 11.Bb2 d5 12.Rc1 a6 13.Qc2 Bf5 14.Bd3 Re8 15.O-O Rc8
16.Rfd1 Qe7 17.Ba1 Red8 18.Qb2 f6 19.Bxa6 bxa6 20.Rxc6 Rd6 21.Nd4 Bd7 22.Rcc1 Rb6
23.Ne2 Qf7 24.Nf4 Rd6 25.f3 Ng5 26.h4 Qe7 27.Qf2 Nf7 28.Nxd5 Rxd5 29.Rxd5 Bb5
30.e4 Qe6 31.h5 g5 32.h6 Nxh6 33.Qd4 Kf7 34.Kf2 Kg6 35.Rh1 Bc6 36.Rxg5+ Kxg5
37.Qe3+ Kg6 38.Rxh6+ Kf7 39.Rxf6+  1-0

[Event "Titled Tue 31st Dec Early"]
[Site "chess.com INT"]
[Date "2024.12.31"]
[Round "8"]
[White "Holt,C"]
[Black "Nakamura,Hi"]
[Result "0-1"]
[WhiteElo "2540"]
[BlackElo "2802"]

1.d4 d5 2.c4 e6 3.Nc3 a6 4.cxd5 exd5 5.Bf4 c6 6.e3 Bd6 7.Bxd6 Qxd6 8.Bd3 Nf6
9.Nf3 Nbd7 10.Qc2 O-O 11.O-O g6 12.Rac1 Re8 13.Rfe1 Nf8 14.Na4 Nh5 15.Qc5 Qf6
16.Qb6 Ng7 17.Nc5 Nge6 18.Nxb7 Rb8 19.Bxa6 Bxb7 20.Bxb7 Qe7 21.Qxc6 Qxb7
22.Qxb7 Rxb7 23.Re2 Ra8 24.b3 Nd7 25.Rec2 Kg7 26.Kf1 Rba7 27.a4 Rb7 28.Rc3 Nf6
29.Nd2 g5 30.Ke2 g4 31.Kd3 h5 32.Rc8 Raa7 33.f3 h4 34.h3 g3 35.R1c6 Ng8 36.Rd6 Ne7
37.Rc1 Ra5 38.Rc3 Ng6 39.Ke2 Ne7 40.Kd3 Nf5 41.Rdc6 Nfxd4 42.exd4 Nf4+ 43.Kc2 Nxg2
44.f4 Ne1+ 45.Kd1 g2  0-1

[Event "Titled Tue 31st Dec Early"]
[Site "chess.com INT"]
[Date "2024.12.31"]
[Round "9"]
[White "Martinez Alcantara,Jose Eduardo"]
[Black "Nakamura,Hi"]
[Result "1/2-1/2"]
[WhiteElo "2598"]
[BlackElo "2802"]

1.e4 c5 2.Nf3 e6 3.c3 d5 4.e5 d4 5.d3 Bd7 6.g3 Bc6 7.Bg2 Ne7 8.Qe2 dxc3 9.bxc3 Nd7
10.O-O Qc7 11.Re1 Ng6 12.Nbd2 Be7 13.h4 h5 14.a4 b6 15.Bb2 Rd8 16.d4 cxd4
17.cxd4 Bd5 18.Ne4 Nb8 19.Nc3 Bb7 20.d5 Bxd5 21.Nxd5 Rxd5 22.Nd4 Rd7 23.Rac1 Bc5
24.Nb5 Qd8 25.Nd6+ Bxd6 26.exd6 O-O 27.Ba3 Qf6 28.Qxh5 Qd4 29.Be4 Qxa4 30.Re3 Qd4
31.Bxg6 fxg6 32.Qxg6 Rdf7 33.Qxe6 Nd7 34.Rf3 Qe5 35.Qxe5 Nxe5 36.Rxf7 Rxf7
37.Rc8+ Kh7 38.Re8 Nc4 39.Bb4 Kg6 40.Re4 b5 41.Bc5 a5 42.Re6+ Kh7 43.Re8 Kg6
44.Re6+ Kh7 45.Re8 Kg6 46.Rc8 Kf6 47.Re8 Kg6  1/2-1/2

[Event "Titled Tue 31st Dec Early"]
[Site "chess.com INT"]
[Date "2024.12.31"]
[Round "10"]
[White "Nakamura,Hi"]
[Black "Shankland,S"]
[Result "0-1"]
[WhiteElo "2802"]
[BlackElo "2672"]

1.b3 e5 2.Bb2 Nc6 3.e3 Nf6 4.Bb5 e4 5.f3 a6 6.Bxc6 dxc6 7.Nc3 Bf5 8.fxe4 Nxe4
9.Nf3 Qe7 10.O-O O-O-O 11.Nd4 Bg6 12.Qg4+ Qd7 13.Qxd7+ Rxd7 14.Nxe4 Bxe4
15.d3 Bg6 16.Nf3 f6 17.Kf2 Bd6 18.Rfe1 Re8 19.e4 a5 20.g4 h6 21.h3 b6 22.Kg2 Kb7
23.a4 Bf7 24.Ba3 c5 25.Re2 h5 26.Rg1 hxg4 27.hxg4 c4 28.Bxd6 cxd3 29.Re3 Rxd6
30.c4 d2 31.Rd1 Bg6 32.Rxd2 Ree6 33.Kf2 Rxe4 34.Rxd6 cxd6 35.Rxe4 Bxe4 36.Nd4 g5
37.Ke3 d5 38.Nb5 Kc6 39.Nc3 Bh1 40.Kd4 dxc4 41.Kxc4 Bf3 42.b4 axb4 43.Kxb4 Bxg4
44.Ne4 Bf3 45.Nxf6 Kd6 46.a5 bxa5+ 47.Kc4 Ke5 48.Nd7+ Kf5 49.Kd4 g4 50.Ke3 Bc6
51.Nc5 g3 52.Nb3 Kg4 53.Nxa5 Kh3 54.Nxc6 g2 55.Ke4 g1=Q 56.Ne5 Qg2+ 57.Kf4 Kh4
58.Nf3+ Kh5 59.Ne5 Qg5+ 60.Ke4 Qf6 61.Nf3 Kg4 62.Ne5+ Kg3 63.Nd3 Qc6+ 64.Ke3 Qd5
65.Nc1 Qg5+ 66.Kd3 Qxc1  0-1

[Event "Titled Tue 31st Dec Early"]
[Site "chess.com INT"]
[Date "2024.12.31"]
[Round "11"]
[White "Aravindh,Chithambaram VR."]
[Black "Nakamura,Hi"]
[Result "1-0"]
[WhiteElo "2718"]
[BlackElo "2802"]

1.Nf3 d5 2.e3 c5 3.c4 d4 4.b4 dxe3 5.fxe3 cxb4 6.d4 Nf6 7.Bd3 g6 8.O-O Bg7
9.a3 bxa3 10.Bxa3 O-O 11.Nc3 Nc6 12.Kh1 b6 13.e4 Bg4 14.e5 Nh5 15.Be4 Rc8
16.Bxc6 Rxc6 17.Nd5 Rxc4 18.Nxe7+ Kh8 19.Qb3 Rc7 20.Ng5 Be6 21.Nxe6 fxe6
22.Qxe6 Nf4 23.Qg4 Qxd4 24.Nxg6+ hxg6 25.Bxf8 Bxe5 26.Rad1 Qc4 27.Bh6 Rf7
28.Qh4 Kg8  1-0

[Event "Titled Tue 7th Jan Early"]
[Site "chess.com INT"]
[Date "2025.01.07"]
[Round "1"]
[White "Nakamura,Hi"]
[Black "Gulkov,I"]
[Result "1-0"]
[WhiteElo "2802"]
[BlackElo "2358"]

1.b3 g6 2.Bb2 Nf6 3.Bxf6 exf6 4.e3 d5 5.d4 Bg7 6.Ne2 c6 7.g3 f5 8.Bg2 Be6
9.O-O Nd7 10.Nd2 Nf6 11.c4 Ne4 12.Rc1 O-O 13.Nf4 Qa5 14.Nxe4 fxe4 15.cxd5 cxd5
16.Nxe6 fxe6 17.Bh3 Rfe8 18.Qe2 Bf8 19.f3 e5 20.fxe4 exd4 21.Qf3 Re7 22.Be6+  1-0

[Event "Titled Tue 7th Jan Late"]
[Site "chess.com INT"]
[Date "2025.01.07"]
[Round "1"]
[White "Nakamura,Hi"]
[Black "Kubatko,I"]
[Result "1-0"]
[WhiteElo "2802"]
[BlackElo "2257"]

1.b3 d5 2.Bb2 c5 3.e3 a6 4.Nf3 Nc6 5.d4 Nf6 6.Nbd2 Bg4 7.Be2 e6 8.a3 cxd4
9.Nxd4 Bxe2 10.Qxe2 Rc8 11.Nxc6 Rxc6 12.c4 Be7 13.O-O O-O 14.b4 dxc4 15.Nxc4 Qd5
16.Ne5 Rcc8 17.Rfd1 Qb3 18.Rd3 Rc2 19.Rxb3 Rxe2 20.Kf1 Rc2 21.Rc1 Rfc8 22.Rxc2 Rxc2
23.f3 Nd5 24.e4 Nf4 25.g3 Nh3 26.Bd4 Rxh2 27.Rc3 h5 28.Rc8+ Kh7 29.Nxf7 Rd2
30.Rh8+ Kg6 31.Ne5+ Kf6 32.Bc3 Rf2+ 33.Ke1 Rc2 34.Bd4 Ng1 35.Nd3+ e5 36.Bxg1  1-0

[Event "Titled Tue 7th Jan Late"]
[Site "chess.com INT"]
[Date "2025.01.07"]
[Round "2"]
[White "Karas,Marek"]
[Black "Nakamura,Hi"]
[Result "0-1"]
[WhiteElo "2147"]
[BlackElo "2802"]

1.d4 g6 2.e4 Bg7 3.Nf3 c6 4.Nc3 d5 5.h3 dxe4 6.Nxe4 Nf6 7.Nxf6+ exf6 8.Be2 O-O
9.O-O Be6 10.c3 Nd7 11.Bf4 b5 12.a4 a6 13.axb5 axb5 14.Nd2 Bd5 15.Bf3 Nb6
16.Rxa8 Qxa8 17.Bd6 Re8 18.Bc5 Bxf3 19.Qxf3 Nd5 20.c4 bxc4 21.Nxc4 f5 22.Ne5 Bxe5
23.dxe5 Rxe5 24.Bd4 Re4 25.Bc3 h5 26.Qg3 Qd8 27.Rd1 Kh7 28.Qd3 Qe7 29.Rf1 Nf4
30.Qf3 Ne2+ 31.Kh2 Qd6+ 32.g3 h4 33.Re1 hxg3+ 34.fxg3 Qe6 35.Bd2 Nd4 36.Qf2 c5
37.Rxe4 Qxe4 38.h4 Nf3+ 39.Kh3 Nxd2 40.Qxd2 Qh1+ 41.Qh2 Qxh2+ 42.Kxh2 f6
43.Kg2 g5 44.Kf3 Kg6 45.Ke3 f4+ 46.gxf4 gxh4 47.Kf3  0-1

[Event "Titled Tue 7th Jan Early"]
[Site "chess.com INT"]
[Date "2025.01.07"]
[Round "2"]
[White "Al Tarbosh,W"]
[Black "Nakamura,Hi"]
[Result "0-1"]
[WhiteElo "2233"]
[BlackElo "2802"]

1.e4 c6 2.Nf3 d5 3.Nc3 Bg4 4.h3 Bxf3 5.Qxf3 e6 6.Be2 g6 7.O-O Bg7 8.d3 Ne7
9.Bg5 h6 10.Bf6 Bxf6 11.Qxf6 O-O 12.f4 Nd7 13.Qh4 Kg7 14.Rae1 f5 15.Bf3 fxe4
16.dxe4 d4 17.Ne2 e5 18.f5 g5 19.Qg3 Ng8 20.Bh5 Ngf6 21.Bg6 Nxe4 22.Qd3 Nef6
23.Ng3 Qc7 24.c3 c5 25.Qc4 Qd6 26.Qb3 Rab8 27.Qa3 d3 28.c4 b5 29.cxb5 Rb6
30.Kh1 c4 31.Qc3 Rc8 32.b3 Qd5 33.Rc1 Rd6 34.bxc4 Qd4 35.Qa5 e4 36.c5 d2
37.Rcd1 Nxc5 38.Qxa7+ Rd7 39.Qb6 e3 40.a3 Qd6 41.Qa5 Qxg3 42.Qc3 Re7 43.Rf3 Qe5
44.Rxe3 Qxe3 45.Qa1 Qe1+ 46.Kh2 Qe5+  0-1

[Event "Titled Tue 7th Jan Early"]
[Site "chess.com INT"]
[Date "2025.01.07"]
[Round "3"]
[White "Nakamura,Hi"]
[Black "Cordoba Roa,Angel Gabriel"]
[Result "1-0"]
[WhiteElo "2802"]
[BlackElo "2358"]

1.b3 e5 2.Bb2 Nc6 3.e3 Nf6 4.Bb5 Bd6 5.Na3 Be7 6.Bxc6 bxc6 7.Nc4 d6 8.Ne2 O-O
9.O-O Nd7 10.f4 exf4 11.Nxf4 Nb6 12.Na5 Bd7 13.Nh5 f6 14.Qf3 Qe8 15.Nf4 f5
16.Nh5 Rf7 17.Qg3 g6 18.e4 fxe4 19.Qc3 Rxf1+ 20.Rxf1 Bf5  1-0

[Event "Titled Tue 7th Jan Late"]
[Site "chess.com INT"]
[Date "2025.01.07"]
[Round "3"]
[White "Nakamura,Hi"]
[Black "Tsvetkov,Andrey"]
[Result "1-0"]
[WhiteElo "2802"]
[BlackElo "2422"]

1.b3 d5 2.Bb2 c5 3.e3 a6 4.c4 d4 5.exd4 cxd4 6.Nf3 Nc6 7.d3 e5 8.g3 f5 9.Bg2 Nf6
10.O-O Bd6 11.b4 O-O 12.a3 h6 13.Nbd2 Be6 14.Re1 b5 15.Nxd4 Nxd4 16.Bxd4 Nd7
17.Bb2 Rc8 18.c5 Bb8 19.Nf3 Qf6 20.Qe2  1-0

[Event "Titled Tue 7th Jan Early"]
[Site "chess.com INT"]
[Date "2025.01.07"]
[Round "4"]
[White "Nakamura,Hi"]
[Black "Costachi,M"]
[Result "1-0"]
[WhiteElo "2802"]
[BlackElo "2464"]

1.b3 d5 2.Bb2 Nf6 3.e3 g6 4.Bxf6 exf6 5.g3 Bd6 6.Bg2 Be6 7.c4 c6 8.cxd5 Bxd5
9.Bxd5 cxd5 10.d4 Qa5+ 11.Kf1 h5 12.Nf3 Nd7 13.Qd3 f5 14.Nc3 Nf6 15.Kg2 O-O
16.a3 Rac8 17.Rhc1 Ne4 18.b4 Qd8 19.Nd2 h4 20.Ndxe4 dxe4 21.Qb5 Qg5 22.Nxe4 h3+
23.Kg1 Qe7 24.Nxd6 Qxd6 25.Qxb7 Rb8 26.Qc6 Qe7 27.Qc4 g5 28.Qf1 g4 29.Qd3 Qb7
30.d5 Qd7 31.Rc5 Rb6 32.f3 Re8 33.Rd1 Rd6 34.Kf2 gxf3 35.Qd4 Re4 36.Qc3 Re8
37.Rd4 Rg6 38.Rh4 Rg7 39.Qf6 Qa4 40.Qh6 Kf8 41.Qf6 Kg8 42.Qh6 Kf8 43.Qh8+ Rg8
44.Qd4 Qb3 45.Qd2 Qb1 46.Rc1 Qb3 47.d6 Rd8 48.Rd4 Rg6 49.d7 Ke7 50.Rc8 Re6
51.Rxd8 Kxd8 52.e4 fxe4 53.Qg5+ f6 54.Qg8+ Kc7 55.d8=Q+ Kc6 56.Qd7+ Kb6 57.Qb8+ Ka6
58.Qdb5+  1-0

[Event "Titled Tue 7th Jan Late"]
[Site "chess.com INT"]
[Date "2025.01.07"]
[Round "4"]
[White "Perez Ponsa,F"]
[Black "Nakamura,Hi"]
[Result "1-0"]
[WhiteElo "2528"]
[BlackElo "2802"]

1.e4 c5 2.Nf3 e6 3.c3 d5 4.e5 d4 5.d3 Bd7 6.g3 Bc6 7.Bg2 Ne7 8.O-O dxc3 9.bxc3 Nd7
10.Re1 Nf5 11.a4 Be7 12.Na3 O-O 13.Nc4 Nb6 14.Na5 c4 15.Nxc6 bxc6 16.a5 Nd7
17.d4 Rc8 18.Nd2 Qc7 19.Nxc4 Rfd8 20.Qc2 Nf8 21.Rb1 Rd7 22.a6 Qd8 23.Rb7 c5
24.d5 exd5 25.Bxd5 Rxd5 26.Qxf5 g6 27.Qf3 Rd7 28.e6 fxe6 29.Ne5 Rdc7 30.Qf7+ Kh8
31.Bh6 Bf6 32.Rxc7 Rxc7 33.Qxf8+ Qxf8 34.Bxf8 c4 35.Bd6 Rc8 36.Re4 Kg8 37.Rxc4 Rd8
38.Rc6 g5 39.Kg2 h5 40.h3 g4 41.hxg4 hxg4 42.Nxg4 Bg7 43.Be5  1-0

[Event "Titled Tue 7th Jan Late"]
[Site "chess.com INT"]
[Date "2025.01.07"]
[Round "5"]
[White "Nakamura,Hi"]
[Black "Mortazavi,A"]
[Result "1-0"]
[WhiteElo "2802"]
[BlackElo "2333"]

1.b3 b6 2.Bb2 Bb7 3.e3 Nf6 4.Nf3 e6 5.g3 c5 6.Bg2 Qc7 7.O-O Be7 8.d4 d6 9.c4 cxd4
10.exd4 a6 11.Nc3 Nbd7 12.d5 e5 13.Nh4 O-O 14.Nf5 Rae8 15.Nxe7+ Rxe7 16.a4 Rfe8
17.Bc1 h6 18.Be3 Bc8 19.h3 Nf8 20.Qd2 N6d7 21.a5 bxa5 22.Ne2 f5 23.Qxa5 Qb8
24.Qa3 Ng6 25.Bd2 Nc5 26.Bb4 Rc7 27.Ba5 Rf7 28.b4 Ne4 29.c5 Nd2 30.Rfd1 Nc4
31.Qd3 Nxa5 32.bxa5 dxc5 33.d6 e4 34.Qc3 Bd7 35.Qxc5 f4 36.Qh5 f3 37.Qxg6 fxg2
38.Nf4 e3 39.fxe3 Rxe3 40.Rab1 Qa7 41.Rb6 Bf5 42.Qh5 Qd7 43.Nd5 Rxg3 44.Ne7+ Kh7
45.Qxf7 Rxh3 46.Qg8+  1-0

[Event "Titled Tue 7th Jan Early"]
[Site "chess.com INT"]
[Date "2025.01.07"]
[Round "5"]
[White "Chigaev,M"]
[Black "Nakamura,Hi"]
[Result "1-0"]
[WhiteElo "2632"]
[BlackElo "2802"]

1.e4 g6 2.d4 c6 3.Nc3 d5 4.f3 b6 5.Be3 Ba6 6.Bxa6 Nxa6 7.e5 e6 8.f4 c5 9.Nf3 Ne7
10.Ne2 Nf5 11.Bf2 h5 12.c3 Qd7 13.Qd3 Nc7 14.g3 Qb5 15.Qc2 Be7 16.h3 Rc8
17.Qd2 Na6 18.O-O Qd7 19.Kg2 cxd4 20.cxd4 Qa4 21.Nc3 Qa5 22.a3 Nc7 23.g4 Nh6
24.Rh1 Kd7 25.Kg3 Nb5 26.Rhc1 Nxc3 27.Rxc3 hxg4 28.hxg4 Bb4 29.Rxc8 Bxd2
30.Rxh8 Nxg4 31.Kxg4 Qb5 32.Nxd2 Qxb2 33.Rd1 Qc2 34.Rhh1 g5 35.fxg5 Qf5+
36.Kg3 Qxg5+ 37.Kf3 Kc6 38.Ke2 Kb5 39.Rb1+ Ka6 40.Rhg1 Qh5+ 41.Nf3 Qf5 42.Rbc1 Kb7
43.Be3 Qh5 44.Rg7 a5 45.Rcg1 Qf5 46.R1g5 Qc2+ 47.Nd2 Qc7 48.Rh5 Ka6 49.Rhh7 Kb5
50.Rxf7 Qc3 51.Rf6 Qc8 52.Rhh6 Qg8 53.Rfg6 Qf8 54.Rxe6 Qxa3 55.Rxb6+ Ka4
56.Rhc6 Qf8 57.Ra6 Kb5 58.Rcb6+ Ka4 59.Ra7 Qf5 60.Rba6 Kb4 61.Rxa5 Qd3+ 62.Kf2 Qf5+
63.Nf3 Kc3 64.Rc7+ Kd3 65.Ra3+ Ke4 66.Bd2 Qh5 67.Re3+ Kf5 68.e6 Qh8 69.Re5+ Kg6
70.Rf7 Qh3 71.Rg5+ Kh6 72.Rg3+ Kh5 73.Rxh3+ Kg6 74.Rg3+ Kh5 75.Rh7+  1-0

[Event "Titled Tue 7th Jan Early"]
[Site "chess.com INT"]
[Date "2025.01.07"]
[Round "6"]
[White "Nakamura,Hi"]
[Black "Zhao,Erick"]
[Result "1-0"]
[WhiteElo "2802"]
[BlackElo "2412"]

1.b3 Nf6 2.Bb2 a6 3.e3 Ra7 4.d4 e6 5.c4 Be7 6.Nf3 O-O 7.d5 b5 8.dxe6 dxe6
9.Qxd8 Rxd8 10.cxb5 axb5 11.Bxb5 Ba6 12.Bxa6 Nxa6 13.Nc3 Nb4 14.Ke2 Rda8
15.a4 Rb7 16.Rab1 Nbd5 17.Nd4 Bc5 18.Nxd5 Nxd5 19.Rhc1 Bxd4 20.Bxd4 f6 21.e4 Nf4+
22.Kf3 e5 23.Be3 Ne6 24.Rc3 Rxa4 25.bxa4 Rxb1 26.Ra3 Rb8 27.a5 Ra8 28.a6 Kf7
29.Ke2 c5 30.Kd3 Ke7 31.Kc4 Kd6 32.a7 Nd4 33.Ra6+ Kc7 34.Kxc5 Kb7 35.Ra2 Rc8+
36.Kd6 Rc6+ 37.Kd7 Rc7+ 38.Ke8  1-0

[Event "Titled Tue 7th Jan Late"]
[Site "chess.com INT"]
[Date "2025.01.07"]
[Round "6"]
[White "Kosakowski,Jakub"]
[Black "Nakamura,Hi"]
[Result "1-0"]
[WhiteElo "2539"]
[BlackElo "2802"]

1.e4 g6 2.d4 c6 3.Nf3 d5 4.e5 Bg4 5.Nbd2 c5 6.c3 Nc6 7.h3 Bxf3 8.Nxf3 cxd4
9.cxd4 e6 10.a3 Qb6 11.Bd3 Bh6 12.b4 Bxc1 13.Rxc1 a6 14.O-O Kf8 15.Rc5 Kg7
16.Qd2 Qd8 17.Rfc1 Nh6 18.a4 Re8 19.b5 Na5 20.R5c3 axb5 21.axb5 b6 22.Qf4 Ng8
23.h4 h6 24.h5 g5 25.Qe3 Kh8 26.Nh2 Qe7 27.Ng4 Qf8 28.Rc7 Re7 29.R7c3 Qg7
30.g3 Rf8 31.Kg2 Rfe8 32.Qf3 Rd8 33.Nf6 Rb7 34.Rc8 Rb8 35.Rxb8 Rxb8 36.Rc7 Nxf6
37.exf6 Qg8 38.Qe3 Rc8 39.Re7 Nc4 40.Qe1 Nd6 41.Qe5 Rd8 42.Bg6 Qf8 43.Bb1 Qg8
44.Qe2 Nc4 45.Qd3 g4 46.Qd1 Nd6 47.Qc1 Qg5 48.Qc7 Rg8 49.Qxd6 Qxh5 50.Qf4 Qh3+
51.Kg1 Ra8 52.Rxf7 Rc8 53.Rh7+ Kg8 54.f7+  1-0

[Event "Titled Tue 7th Jan Early"]
[Site "chess.com INT"]
[Date "2025.01.07"]
[Round "7"]
[White "Gholami Orimi,Mahdi"]
[Black "Nakamura,Hi"]
[Result "0-1"]
[WhiteElo "2510"]
[BlackElo "2802"]

1.d4 g6 2.c4 Bg7 3.e4 d6 4.Nc3 Nd7 5.Be2 c5 6.Nf3 b6 7.O-O Bb7 8.Re1 cxd4
9.Nxd4 Ngf6 10.f3 O-O 11.Be3 a6 12.Qd2 e6 13.Bf1 Qc7 14.Rac1 Rac8 15.Red1 Rfd8
16.b3 Qb8 17.Qf2 h6 18.Na4 d5 19.cxd5 exd5 20.Rxc8 Rxc8 21.e5 Qxe5 22.Ne2 Rc2
23.Nxb6 Nxb6 24.Bxb6 Rxa2 25.Rc1 Qe8 26.Qe3 Qxe3+ 27.Bxe3 Ne8 28.Nd4 h5 29.b4 Rb2
30.b5 axb5 31.Nxb5 Ba6 32.Nc7 Nxc7 33.Rxc7 Rb1 34.Rc1 Rxc1  0-1